[Event "AUTO-OPEN-2022"]
[Site "http://www.queenalice.com/game.php?id=795841"]
[Date "2010.6.27"]
[Round "1"]
[White "biano"]
[Black "AlvaroFrota"]
[Result "0-1"]
[WhiteElo "1692"]
[BlackElo "1253"]

1. e4 e5 2. f4 exf4 3. Nf3 d5 4. exd5 Nf6 5. d4 Nxd5 6. c4 Bb4+ 7. Nbd2 Ne3 8.
Qa4+ Bd7 9. Qb3 O-O 10. a3 Ba5 11. Kf2 Qe7 12. Bd3 Ng4+ 13. Kg1 Qe3+ 0-1

[Event "AUTO-OPEN-2022"]
[Site "http://www.queenalice.com/game.php?id=795842"]
[Date "2010.6.27"]
[Round "1"]
[White "AlvaroFrota"]
[Black "biano"]
[Result "1-0"]
[WhiteElo "1253"]
[BlackElo "1697"]

1. e4 e6 2. d4 d5 3. Nc3 Bb4 4. e5 c5 5. a3 Bxc3+ 6. bxc3 Ne7 7. Qg4 Ng6 8. h4
h5 9. Qg5 Qxg5 10. hxg5 Nc6 11. Be3 cxd4 12. cxd4 a6 13. Be2 b5 14. Rxh5 Bb7 15.
Rxh8+ Nxh8 16. Nh3 1-0

[Event "AUTO-OPEN-2022"]
[Site "http://www.queenalice.com/game.php?id=795861"]
[Date "2010.6.27"]
[Round "1"]
[White "chesspsico2"]
[Black "AlvaroFrota"]
[Result "0-1"]
[WhiteElo "1849"]
[BlackElo "1253"]

1. e4 e5 2. Nf3 Nc6 3. Bc4 Nf6 4. Nc3 Nxe4 5. Nxe4 d5 6. Bxd5 Qxd5 7. Nc3 Qa5 8.
O-O Bg4 9. d3 Nd4 10. Re1 O-O-O 11. Bd2 Bxf3 12. gxf3 f5 13. Ne4 Qd5 14. c4 Qc6
15. Ng5 h6 0-1

[Event "AUTO-OPEN-2022"]
[Site "http://www.queenalice.com/game.php?id=795862"]
[Date "2010.6.27"]
[Round "1"]
[White "AlvaroFrota"]
[Black "chesspsico2"]
[Result "1-0"]
[WhiteElo "1253"]
[BlackElo "1849"]

1. e4 e5 2. Nf3 Nc6 3. Bb5 a6 4. Ba4 Nf6 5. O-O d6 6. c3 Nxe4 7. d4 Bd7 8. Re1
b5 9. Bb3 Nf6 10. Ng5 Be6 11. d5 1-0

[Event "AUTO-OPEN-2022"]
[Site "http://www.queenalice.com/game.php?id=795871"]
[Date "2010.6.27"]
[Round "1"]
[White "black13"]
[Black "AlvaroFrota"]
[Result "0-1"]
[WhiteElo "1945"]
[BlackElo "1253"]

1. e4 e5 2. Nf3 Nc6 3. d4 exd4 4. Nxd4 Qh4 5. Qd3 Nf6 6. Nd2 Ng4 7. g3 Qf6 8.
N2f3 Nxd4 9. e5 Nxf3+ 10. Kd1 Nfxe5 11. Qe2 Nxf2+ 0-1

[Event "AUTO-OPEN-2022"]
[Site "http://www.queenalice.com/game.php?id=795872"]
[Date "2010.6.27"]
[Round "1"]
[White "AlvaroFrota"]
[Black "black13"]
[Result "1-0"]
[WhiteElo "1253"]
[BlackElo "1945"]

1. e4 e5 2. Nf3 d6 3. d4 exd4 4. Qxd4 Nc6 5. Bb5 Bd7 6. Bxc6 Bxc6 7. Nc3 Nf6 8.
Bg5 Be7 9. O-O-O O-O 10. Rhe1 h6 11. Bh4 Nd7 12. Bxe7 Qxe7 13. Re3 1-0

[Event "AUTO-BEG-523"]
[Site "http://www.queenalice.com/game.php?id=1028901"]
[Date "2012.2.11"]
[Round "1"]
[White "ZKTIE"]
[Black "AlvaroFrota"]
[Result "0-1"]
[WhiteElo "1255"]
[BlackElo "1265"]

1. b3 e5 2. Bb2 d5 3. Bxe5 Nc6 4. Bb2 Nf6 5. e3 Be7 6. d4 Bf5 7. Bd3 Bg6 8. Bc3
Qd7 9. Nd2 O-O-O 10. Ngf3 Rhe8 11. Qe2 Bh5 12. O-O-O Ba3+ 13. Kb1 Ne4 14. Nxe4
dxe4 15. Bxe4 Rxe4 16. Qd3 Bg6 17. Qc4 Ne5 18. Nxe5 Rxe5 19. dxe5 Qxd1+ 20. Rxd1
Rxd1# 0-1

[Event "AUTO-BEG-523"]
[Site "http://www.queenalice.com/game.php?id=1028902"]
[Date "2012.2.11"]
[Round "1"]
[White "AlvaroFrota"]
[Black "ZKTIE"]
[Result "1-0"]
[WhiteElo "1281"]
[BlackElo "1239"]

1. d4 d5 2. c4 dxc4 3. Nf3 Nf6 4. e3 Be6 5. Nc3 Nc6 6. e4 Bg4 7. Bxc4 Nxd4 8.
Qxd4 Qxd4 9. Nxd4 e5 10. Ndb5 Bd6 11. Nxd6+ cxd6 12. f3 Rc8 13. Bb5+ Ke7 14.
fxg4 Nxg4 15. h3 Nf6 16. Bg5 h6 17. Nd5+ Ke6 18. Bxf6 gxf6 19. Kd2 Rhg8 20. g4
Rc5 21. Ba4 Rgc8 22. Rhf1 Rc4 23. Rxf6# 1-0

[Event "AUTO-BEG-523"]
[Site "http://www.queenalice.com/game.php?id=1028914"]
[Date "2012.2.11"]
[Round "1"]
[White "AlvaroFrota"]
[Black "marolideus"]
[Result "0-1"]
[WhiteElo "1267"]
[BlackElo "2198"]

1. d4 Nf6 2. c4 e5 3. dxe5 Ng4 4. e4 Nxe5 5. f4 Nec6 6. Be3 Bb4+ 7. Nd2 O-O 8.
Bd3 Na6 9. Nf3 d6 10. O-O Bc5 0-1

[Event "Desafio"]
[Site "http://www.queenalice.com/game.php?id=1048837"]
[Date "2012.4.14"]
[Round "-"]
[White "AlvaroFrota"]
[Black "ajr"]
[Result "1-0"]
[WhiteElo "1320"]
[BlackElo "1648"]

1. e4 c5 2. Nf3 d6 3. d4 a6 4. dxc5 dxc5 5. Qxd8+ Kxd8 6. Be3 e6 7. Nc3 Nc6 8.
O-O-O+ Kc7 9. Na4 b6 10. Be2 Nf6 11. Bf4+ Kb7 12. Ng5 b5 13. Nc3 e5 14. Be3 Be6
15. Nd5 Nd4 16. Bxd4 exd4 17. Nxf6 gxf6 18. Nxe6 Bh6+ 19. Kb1 fxe6 20. e5 f5 21.
Bf3+ Kc7 22. Bxa8 Rxa8 23. Rhe1 Kc6 24. g3 Kd5 25. c3 Bg7 26. f4 Kc4 27. cxd4
cxd4 28. Kc2 Rc8 29. Rc1 Kd5+ 30. Kd3 Rb8 31. Rc7 Rg8 32. Rec1 Bxe5 33. R1c5+
Kd6 34. fxe5# 1-0

[Event "Desafio"]
[Site "http://www.queenalice.com/game.php?id=1048838"]
[Date "2012.4.14"]
[Round "-"]
[White "kre"]
[Black "AlvaroFrota"]
[Result "0-1"]
[WhiteElo "1776"]
[BlackElo "1290"]

1. e4 e5 2. f4 exf4 3. d4 Qh4+ 4. Kd2 Nc6 5. Nf3 Qe7 6. Nc3 Nf6 7. Bd3 d6 8. b3
Bg4 9. h3 Bxf3 10. gxf3 Nxd4 11. Bb2 O-O-O 12. Nd5 Nxd5 13. Bxd4 Ne3 14. Bxe3
fxe3+ 15. Kxe3 d5 16. Kf2 dxe4 17. Re1 Qh4+ 18. Kf1 Qxh3+ 19. Kg1 Bc5+ 0-1

[Event "Desafio Enxadrístico"]
[Site "http://www.queenalice.com/game.php?id=1072167"]
[Date "2012.6.15"]
[Round "-"]
[White "AlvaroFrota"]
[Black "spawnwolfwolverine"]
[Result "1-0"]
[WhiteElo "1349"]
[BlackElo "1710"]

1. e4 e5 2. Nf3 d6 3. d4 exd4 4. Nxd4 Bd7 5. Nc3 Nc6 6. Bf4 Nf6 7. Qd2 Be7 8.
O-O-O O-O 9. f3 Nxd4 10. Qxd4 c5 11. Qd2 b5 12. Bxd6 Bxd6 13. Qxd6 b4 14. Nd5
Nxd5 15. Rxd5 Be6 16. Qxd8 Rfxd8 17. Rxc5 Bxa2 18. b3 Rac8 19. Rxc8 Rxc8 20. Kb2
Bxb3 21. cxb3 a5 22. Be2 g6 23. Rc1 Rxc1 24. Kxc1 Kg7 25. Kd2 h5 26. Kd3 g5 27.
Kc4 f6 28. Kb5 Kg6 29. Kxa5 f5 30. Bd3 fxe4 31. Bxe4+ Kf6 32. Kxb4 g4 33. Kc5
gxf3 34. Bxf3 h4 35. Kd6 Kf5 36. b4 Kf4 37. b5 Ke3 38. b6 1-0

[Event "Desafio Enxadrístico"]
[Site "http://www.queenalice.com/game.php?id=1072169"]
[Date "2012.6.15"]
[Round "-"]
[White "spawnwolfwolverine"]
[Black "AlvaroFrota"]
[Result "0-1"]
[WhiteElo "1639"]
[BlackElo "1379"]

1. d4 d5 2. e3 Nf6 3. g3 Bg4 4. Be2 Bxe2 5. Nxe2 Nc6 6. O-O e5 7. c3 Bd6 8. b4
a6 9. a4 Qd7 10. Ba3 Qh3 11. f3 Qh6 12. Nd2 Qxe3+ 13. Kg2 O-O 14. b5 axb5 15.
Bxd6 cxd6 16. dxe5 dxe5 17. Rf2 bxa4 18. Nf1 Qa7 19. h4 b5 20. g4 d4 21. cxd4
exd4 22. Nf4 Qd7 23. Kg3 Qd6 24. Ne3 Rfd8 25. Nf5 Qe5 26. Re2 Nh5+ 27. gxh5 Qxf5
28. Qd3 Qxd3 29. Nxd3 Re8 30. Rxe8+ Rxe8 31. Nc5 Ra8 32. f4 Kf8 33. Kf3 Re8 34.
Kg4 Re3 35. Rb1 Ne7 36. Rxb5 f5+ 37. Kg5 Rg3# 0-1

[Event "Desafio Capivaral"]
[Site "http://www.queenalice.com/game.php?id=1091002"]
[Date "2012.8.7"]
[Round "-"]
[White "AlvaroFrota"]
[Black "lida"]
[Result "1/2-1/2"]
[WhiteElo "1405"]
[BlackElo "2122"]

1. e4 c6 2. d4 d5 3. exd5 cxd5 4. c4 Nf6 5. Nc3 dxc4 6. Bxc4 Bg4 7. Qb3 e6 8.
Qxb7 Nbd7 9. Bf4 a5 10. Nb5 Bb4+ 11. Nc3 O-O 12. Ne2 Rc8 13. Ba6 Nb6 14. O-O Re8
15. f3 Re7 16. Qxe7 Qxe7 17. Bxc8 Nxc8 18. fxg4 Nxg4 19. Rac1 Qd7 20. h3 Nf6 21.
Be5 Be7 22. b3 h6 23. Na4 Nd6 24. Rc2 Nd5 25. Rfc1 Nf5 26. Rc6 Bg5 27. R1c5 Be3+
28. Kh2 Qe7 29. Nac3 Nb4 30. Rc7 Qh4 31. g3 Qh5 32. g4 Qh4 33. gxf5 Qf2+ 34. Kh1
Qf3+ 35. Kh2 Nd3 36. fxe6 Qf2+ 37. Kh1 Qf1+ 38. Kh2 Qf2+ 39. Kh1 1/2-1/2

[Event "Desafio Capivaral"]
[Site "http://www.queenalice.com/game.php?id=1091003"]
[Date "2012.8.7"]
[Round "-"]
[White "lida"]
[Black "AlvaroFrota"]
[Result "1-0"]
[WhiteElo "2119"]
[BlackElo "1419"]

1. d4 d5 2. c4 Nf6 3. cxd5 Nxd5 4. e4 Nf6 5. Nc3 e5 6. Nf3 exd4 7. Nxd4 Bc5 8.
Qa4+ Qd7 9. Qxd7+ Bxd7 10. Nb3 Bb4 11. Bd3 O-O 12. O-O Re8 13. f3 Bc6 14. Bf4 a5
15. Bxc7 a4 16. Nc1 a3 17. Nd1 axb2 18. Nxb2 Bc3 19. Rb1 Bd4+ 20. Kh1 Na6 21.
Bg3 Nb4 22. Bc4 Nc2 23. Ne2 Be5 24. Bxe5 Rxe5 25. Nd3 Rea5 26. Bb3 Ne3 27. Rfe1
Bb5 28. Ndf4 Nc4 29. Red1 g5 30. Nd5 Nxd5 31. Rxd5 h6 32. Nc3 Na3 33. Rbd1 Bc4
34. Rd8+ Kg7 35. Rxa8 Rxa8 36. Kg1 Kf6 37. Nd5+ Ke5 38. Kf2 Bxb3 39. axb3 Nc2
40. Rd2 Nd4 41. Nb6 Rd8 42. Nc4+ Ke6 43. Ke3 Nc6 44. Rxd8 Nxd8 45. Kd4 Nc6+ 46.
Kc5 h5 47. b4 f5 48. e5 Nxe5 49. Nxe5 Kxe5 50. Kb6 Kf4 51. Kxb7 1-0